Politische Okonomie : Die sozialistische Reproduktion, Das Hinüberwachsen des Sozialismus in den Kommunismus, Die Gesetzmässigkeiten der Entwicklung des sozialistischen Weltwirtschaftssystems /

Estudio de economía política, traducido del ruso y auspiciado por la escuela del Partido del Comité Central del Partido Comunista de la Unión Soviética, que analiza los antecedentes, formación, desarrollo y características de dos sistemas económicos: el capitalista y el socialista. En la biblioteca...

Descrizione completa

Salvato in:
Dettagli Bibliografici
Altri autori: Wolkow, M.I. (autor) (autor)
Natura: Libro
Lingua:German
Soggetti:
Tags: Aggiungi Tag
Nessun Tag, puoi essere il primo ad aggiungerne!!

MARC

LEADER 00000nam^a2200000^a^4500
001 000335584
005 20250521000000.0
009 20260526140919.485
037 |a Acervo Xavier Clavigero 
041 |a ALE 
082 |a 330. 1  |b POL V. 4 
240 1 1 |a [Politische Okonomie] 
245 0 0 |a Politische Okonomie :  |b Die sozialistische Reproduktion, Das Hinüberwachsen des Sozialismus in den Kommunismus, Die Gesetzmässigkeiten der Entwicklung des sozialistischen Weltwirtschaftssystems /  |c M.I. Wolkow... [et al.]. 
264 |a Berlín, Alemania :  |b Dietz,  |c 1974 
300 |a 514 p. 
336 |a texto  |b txt  |2 rdacontenido 
337 |a sin mediación  |b n  |2 rdamedio 
338 |a volumen  |b nc  |2 rdasoporte 
520 |a Estudio de economía política, traducido del ruso y auspiciado por la escuela del Partido del Comité Central del Partido Comunista de la Unión Soviética, que analiza los antecedentes, formación, desarrollo y características de dos sistemas económicos: el capitalista y el socialista. En la biblioteca se encuentran disponibles los volúmenes uno, tres y cuatro. El presente volumen cuatro trata de la producción económica socialista, el desarrollo y las leyes económicas de este sistema económico mundial. 
649 |a XX 
650 |a Producción Económica 
650 |a Flujo Monetario 
650 |a Crédito 
650 |a Finanzas 
650 |a Desarrollo Económico-Social 
650 |a Economía de Estado 
650 |a Economía Mixta 
650 |a Socialismo 
650 |a Comunismo 
650 |a Política Económica -  |x Teoría -  |x Tema Principal 
700 |a Wolkow, M.I.  |e (autor) 
910 |a Fondo General 
920 |a Impresos - Libros 
930 |a Colección General 
905 |a 101 
901 |a 0500225429  |b IT1  |c ACC  |u 20250521 
902 |a https://opac.biblio.iteso.mx/vufind/Record/000335584